| 000 | 00768nam a2200253 i 4500 | ||
|---|---|---|---|
| 001 | bg | ||
| 100 | 1 |
_aNIEBRZYDOWSKI, Jerzy _d(1936- ) |
|
| 245 | 1 | 0 |
_aSieci elektroenergetyczne / _cJerzy Niebrzydowski ; Politechnika Białostocka. |
| 250 | _aWyd. 4 uaktual. | ||
| 260 |
_aBiałystok : _bDział Wydawnictw i Poligrafii PB, _c2000. |
||
| 300 |
_a416, [2] s. : _bil., mapy ; _c23 cm. |
||
| 504 | _aBibliogr. | ||
| 521 | _aWydawnictwo dydaktyczne Wydz. Elektrycznego. | ||
| 650 | 9 | _aSieć elektryczna | |
| 655 | _aPodręczniki akademickie | ||
| 710 | 0 | _aPolitechnika Białostocka | |
| 020 | _a8388229176 | ||
| 040 | _cBPK | ||
| 041 | 0 | _apl | |
| 080 | _a621.31(075.8) | ||
| 920 | _a83-88229-17-6 | ||
| 942 | _cKS | ||
| 008 | s pl f |000 0 pol | ||
| 999 |
_c40021 _d40021 |
||
| 856 |
_uhttp://koha.tu.koszalin.pl/cgi-bin/koha/opac-detail.pl?biblionumber=40021 _yKatalog online BPK |
||